000 00588nam a2200193 a 4500
001 000032586
005 20240412074256.0
008 110719s1926 dr 000 p spa d
040 _aDO-SdBNP
_bspa
_cBNPHU
082 _aRD861.42
_bM671r
100 1 _aMirabal, Antonio
_958511
245 1 0 _aRapsodas antillanos. /
_cAntonio Mirabal.
260 _a[Ciudad Trujillo], República Dominicana :
_b[s. n.],
_c[1926?].
300 _a115 p ;
_c22 cm.
650 0 _aPoesía dominicana
_966
650 0 _aLiteratura dominicana.
_967
910 _aValidado. Control de calidad MFF
049 _aBNPD
999 _c32077
_d32077